000 01082nam a2200313 i 4500
003 EG-GICUC
005 20260426114742.0
008 260426s1984 us ||||fr|||| 00| 0 eng d
020 _a0398049335
040 _aEG-GiCUC
_beng
_cEG-GiCUC
_dEG-GiCUC
_eRda
082 0 4 _221
_a343.81
_bCO . P
092 0 4 _221
099 _aLaw1 10 343.81 CO . P 1984
100 1 _aCook,Claude W.
_eAuthor.
245 1 0 _aA Practical Guide to the Basics of Physical Evidence:
_bA Reference Text for the Criminalist, Investigator, Student, and Attorney/
_cClaude W. Cook.
264 1 _aUnited States :
_bCharles C Thomas • Publisher
_c1984.
300 _a271 page ;
_c 24 cm.
336 _2rda contenu
_a texte
337 _2rda medias
_aOrdinateur
338 _2 transporteur rda
_a Ressource en ligne
546 _aText in English
650 1 _aCriminal Law
650 1 _aScientific Police Investigation
650 1 _aCriminalistics
700 1 _aTorres,Donald A.
_eAuthor.
856 4 0 _uhttps://fll.law.cu.edu.eg/fulltext/bks/B10-11140.pdf
905 _a59
942 _2ddc
_n0
_cBK
_e21
999 _c73461
_d73461